000 00690nam a2200277 4500
001 28174
010 _a9727930433
005 20220405165257.0
021 _aPT
_b218407/04
090 _a28174
100 _a20070719d2004 ad y0pory5003 ba
101 0 _apor
102 _aPT
105 _aa z 000fy
106 _ar
930 _lBECRE
675 _a087.5
_vBN
_zpor
675 _a821.134.3-93"20"
_vBN
_zpor
675 _a821.134.3-34"20"
_vBN
_zpor
700 1 _aSousa,
_bRui
200 1 _aHumi e a grande viagem de iceberg
_fRui Sousa
210 _aLisboa
_cMinutos de Leitura,
_d2004
215 _a[28] p.
_cil.
_d24 cm
225 2 _aMinutos de leitura
801 0 _aPT
_bBN
_gRPC
990 _cLIVROS